Catalog

Record Details

Catalog Search



Billy Goat #23 / by Dave and Pat Sargent ; ... Read More

Sargent, Pat, 1936-(Added Author). Huff, Jeane.(Added Author).

Available copies

  • 1 of 1 copy available at LARL/NWRL Consortium.

Current holds

0 current holds with 1 total copy.

Show Only Available Copies
Location Call Number / Copy Notes Barcode Shelving Location Status Due Date
Greenbush Public Library j SAR (Text) 35500003886023 Main Available -

Record details

  • ISBN: 1567633625 (cb)
  • ISBN: 1567633633 (pb)
  • Physical Description: ix, 35 p. : col. ill. ; 21 cm.
  • Publisher: Prairie Grove, AR : Ozark Pub., c1998.

Content descriptions

Summary, etc.:
Billy, a young goat who likes to brag and does not ... Read More
Target Audience Note:
"RL 2.6"--P. [4] of cover.
"IL 2-8"--P. [4] of cover.
Subject: Goats > Fiction.
Sportsmanship > Fiction.
LDR 01136cam a2200301 a 4500
00172440
003LARL_NWRL_CONSORTIUM
00519980210085350.0
008970701s1998 arua j 000 1 eng
020 . ‡a1567633625 (cb)
020 . ‡a1567633633 (pb)
042 . ‡alcac
08200. ‡a[Fic] ‡221
1001 . ‡aSargent, Dave, ‡d1941- ‡0(LARL_NWRL_CONSORTIUM)119600
24510. ‡aBilly Goat ‡n#23 / ‡cby Dave and Pat Sargent ; illustrated by Jeane Huff.
260 . ‡aPrairie Grove, AR : ‡bOzark Pub., ‡cc1998.
300 . ‡aix, 35 p. : ‡bcol. ill. ; ‡c21 cm.
4900 . ‡aAnimal pride ; ‡v23
5210 . ‡a"RL 2.6"--P. [4] of cover.
5212 . ‡a"IL 2-8"--P. [4] of cover.
520 . ‡aBilly, a young goat who likes to brag and does not play fair, discovers that he is more respected and liked when he plays by the rules.
650 1. ‡aGoats ‡vFiction. ‡0(LARL_NWRL_CONSORTIUM)165448
650 1. ‡aSportsmanship ‡vFiction.
7001 . ‡aSargent, Pat, ‡d1936- ‡0(LARL_NWRL_CONSORTIUM)187308
7001 . ‡aHuff, Jeane. ‡0(LARL_NWRL_CONSORTIUM)188302
901 . ‡a72440 ‡bISxN ‡c72440 ‡tbiblio

Additional Resources